00796 2200193 4500001002100000005001700021008004100038035002400079082001100103090002000114100002600134245021800160260009100378300004800469500001600517504003000533650002100563990001800584YOGYA-0513000000035420130513093833.0 ind  0010-051300000000353 a371.27 aSK 371.27 Yul I aYULI SAPTA WULANDHARI aIncreasing students learning achievement using rewards in the teaching learning english of the fifth grade students of SD Kentungan Depok Sleman Yogyakarta in the academic year of 2004/2005/cYuli Sapta Wulandari. aYogyakarta : Faculty of Teacher Training and Education Ahmad Dahlan University,c2005. axvi, 54(110) lbr. :bilus., lamp. ;c30 cm. aSkripsi UAD aBibliografi : (lbr.55-56) aBelajar-evaluasi a44922-PD/A.12